A főkönyvelő visszakérdez Mezőgazdasági fórum a Technika Házában /
Elmentve itt :
| Szerző: | |
|---|---|
| Dokumentumtípus: | Cikk |
| Megjelent: |
1984-12-14
|
| Sorozat: | Délmagyarország
74 No. 293 |
| Kulcsszavak: | mezőgazdasági tanácskozások |
| Online Access: | http://dmarchiv.bibl.u-szeged.hu/108393 |
| LEADER | 00517nab a2200157 i 4500 | ||
|---|---|---|---|
| 001 | delm108393 | ||
| 005 | 20190902131113.0 | ||
| 008 | 190902s1984 hu o 0|| hun d | ||
| 040 | |a SZTE Délmagyarország Archívum |b hun | ||
| 041 | |a hun | ||
| 100 | 1 | |a Tanács István | |
| 245 | 1 | 2 | |a A főkönyvelő visszakérdez |h [elektronikus dokumentum] : |b Mezőgazdasági fórum a Technika Házában / |c Tanács István |
| 260 | |c 1984-12-14 | ||
| 300 | |a 3 | ||
| 490 | 0 | |a Délmagyarország |v 74 No. 293 | |
| 695 | |a mezőgazdasági tanácskozások | ||